The forgotten son/ (Record no. 201580)

MARC details
000 -LEADER
fixed length control field 00542nam a22001937a 4500
005 - DATE AND TIME OF LATEST TRANSACTION
control field 20240319105610.0
010 ## - LCCN (DPL NO)
LC control number ENG-139776
020 ## - INTERNATIONAL STANDARD BOOK NUMBER
International Standard Book Number 9788184621259
Terms of availability 147.50
035 ## - SYSTEM CONTROL NUMBER
System control number EN-123308
037 ## - SOURCE OF ACQUISITION
Source of stock number/acquisition DBAD/PUB
082 ## - DEWEY DECIMAL CLASSIFICATION NUMBER
Classification number 230.1
Edition number 1
100 ## - MAIN ENTRY--PERSONAL NAME
Personal name Popat dev
245 ## - TITLE STATEMENT
Title The forgotten son/
Statement of responsibility, etc By Dev popat
250 ## - EDITION STATEMENT
Edition statement 1
260 ## - PUBLICATION, DISTRIBUTION, ETC. (IMPRINT)
Place of publication, distribution, etc Mumbai
Name of publisher, distributor, etc I'Mprint
Date of publication, distribution, etc 2016
270 ## - ADDRESS
Address Industry Manor,appasaheb marathe marg, prbhadevi
City Mumbai
Postal code 400025
300 ## - PHYSICAL DESCRIPTION
Extent 164p.
Dimensions 22cm(pbk)
942 ## - ADDED ENTRY ELEMENTS (KOHA)
Source of classification or shelving scheme Dewey Decimal Classification
Item type English Books
Classification part 230.1
Call number suffix Dev
Edition 1
Holdings
Withdrawn status Lost status Not for loan Collection code Home library Current library Date acquired Source of acquisition Cost, normal purchase price Full call number Barcode Copy number Cost, replacement price Koha item type
      Non-fiction Narela Narela 19/03/2024 DBAD 147.50 230.1 DEV EN-123308 1 147.50 English Books

© Delhi Public Library
Hit Counter
free hit counter